Weekly World Trivia Challenge #1 - Statistics

General Stats
  • This quiz has been taken 17 times
  • The average score is 7 of 10
Answer Stats
Question Answer % Correct
Which of these was a hit song for Rihanna? Umbrella
100%
What country does Mariachi music come from? Mexico
88%
In what modern day country did modern banks originate in? Italy
75%
Where is the region Darfur located? Sudan
75%
Which of these countries has the highest elevation? China
69%
What language did the word 'magazine' originally come from? Arabic
63%
What was Ida B. Wells best known for? Civil rights activism
63%
Which one of these amphibians never has a tail? Frog
63%
Who is the current Prime Minister of Poland? Donald Tusk
56%
What film company produced Spirited Away, Princess Mononoke, and many more Anime classics? Studio Ghibli
56%
No matching quizzes found
Score Distribution
Percent of People with Each Score
Percentile by Number Answered
Your Score History
You have not taken this quiz